| 000 | 00395nam a2200121Ia 4500 | ||
|---|---|---|---|
| 005 | 20260328101459.0 | ||
| 008 | 260328s9999||||xx |||||||||||||| ||und|| | ||
| 100 | _aGonzález Cruz, Eduardo | ||
| 245 | 0 |
_aCOTEDI 2000 : _b Conferencia Internacional sobre Confort y Comportamiento Térmico de Edificaciones / _cEduardo González Cruz |
|
| 300 | _a435 p. | ||
| 650 | _aARQUITECTURA Y CLIMA | ||
| 942 | _cBK | ||
| 999 |
_c8912 _d8912 |
||